000 00632cam a2200205 4500
001 WB3542-12
008 000000n1999 000 0 eng u
035 _a(Sirsi) u101107
245 _aNew chief for English Heritage
260 _c1999
490 _aTimes
_v29 October 1999, 13(1)
520 _aSir Neil Cossons, the Director of the Science Museum, is to take over from Sir Jocelyn Stevens as Chairman of English Heritage in April next year.
590 _aWB
650 _aENGLISH HERITAGE
650 _aCHAIRMAN
650 _aSIR JOCELYN STEVENS
650 _aSIR NEIL COSSONS
690 _aCONSERVATION
942 _n0
999 _c60313
_d60313